Sme's Agribusiness Challanges and solutions in Africa/ (Record no. 206677)

MARC details
000 -LEADER
fixed length control field 00585nam a2200193 4500
005 - DATE AND TIME OF LATEST TRANSACTION
control field 20241024112949.0
010 ## - LCCN (DPL NO)
LC control number ENG-142386
020 ## - INTERNATIONAL STANDARD BOOK NUMBER
Terms of availability 820.00
International Standard Book Number 9788194820444
035 ## - SYSTEM CONTROL NUMBER
System control number EN-125920
037 ## - SOURCE OF ACQUISITION
Source of stock number/acquisition DBAD
082 ## - DEWEY DECIMAL CLASSIFICATION NUMBER
Classification number 330.960
100 ## - MAIN ENTRY--PERSONAL NAME
Personal name Gachuhi, Lucy
245 ## - TITLE STATEMENT
Title Sme's Agribusiness Challanges and solutions in Africa/
Remainder of title Lucy Gachuhi
250 ## - EDITION STATEMENT
Edition statement First
260 ## - PUBLICATION, DISTRIBUTION, ETC. (IMPRINT)
Name of publisher, distributor, etc Exceller Books
Place of publication, distribution, etc Kolkata
Date of publication, distribution, etc 2020
270 ## - ADDRESS
Address G1, Dream Apartment, Degree College Road
City Belgharia
Postal code 700056
300 ## - PHYSICAL DESCRIPTION
Extent 190p.
Dimensions 21cm(pb)
942 ## - ADDED ENTRY ELEMENTS (KOHA)
Source of classification or shelving scheme Dewey Decimal Classification
Item type English Books
Classification part 330.960
Call number suffix GAC
Edition 2020
Holdings
Withdrawn status Lost status Not for loan Collection code Home library Current library Date acquired Source of acquisition Cost, normal purchase price Full call number Barcode Copy number Cost, replacement price Koha item type
      Non-fiction Bawana Bawana 24/10/2024 DBAD 820.00 330.960 GAC EN-125918 1 820.00 English Books

© Delhi Public Library
Hit Counter
free hit counter